000 00854nam0a2200265 4500
001 RU\NLR\ONL1\2373
005 20250613113757.0
035 _a(NLR Aleph) 009631126
090 _a9494193
_c9494193
100 _a20040106d1933 |||y0rusy50 ca
101 0 _achm
102 _aRU
105 _ay |||||||||
200 1 _aВолгаташ
_e4 ыдэжан 1905 ийсэ револьутсо жапым ончыктышо драмэ
_f[Пер. Г. Пушкин]
210 _aЙошкар-Ола
_cМаргосиздат
_d1933
215 _a82 с.
_d17
541 1 _aЗарево
_e(Драма в 4 д.)
_zrus
686 1 _aШ6(2=Мар)-91Р7-6
700 1 _aГайдовский
_bГ.
_4070
801 0 _aRU
_bNLR
_c20040106
_gPSBO
852 _aNLR
_bОНЛ
_jМар.л./2-255
942 _cBOOK
980 _aNB